000 00681nam a2200205Ii 4500
003 JO-AjNU
008 230605s9999||||xx |||||||||||||| ||und||
040 _aJO-AjNU
_bara
_erda
_cJO-AjNU
041 _aara
050 1 4 _aLB3609.T576 1980
100 3 _aالتير، مصطفى ,
_eauthor
_940117
245 0 0 _aالغاية تبرر الوسيلة:دراسة إجتماعية لظاهرة الغش في الإمتحانات
250 _aط1
264 3 1 _aطرابلس:المؤلف،1980
300 _a159ص
336 _atext
_btxt
_2rdacontent
337 _aunmediated
_bn
_2rdamedia
338 _avolume
_bnc
_2rdacarrier
650 4 _aطلاب-إمتحانات-غش
_940118
999 _aA16998
_c20566
_d20566